01284nam a2200265 a 450000100100000000500170001000800410002702000150006804000250008308200200010810000310012824500930015926000450025230000210029759000260031865000290034465000310037370000480040491000410045295201330049395201330062695201180075995201240087799900170100100001205120240412074229.0091104s2006 dr 001 j spa d a9993422746 aDO-SdBNPbspacBNPHU aRD863.44bC957f1 aCruz Medina, Ismael92849313aLa fuerza de los débiles /cIsmael Cruz Medina ; prólogo Manuel Hernández Villeta. aSanto Domingo :bEl Nuevo Diario,c2006. a181 p. ;c21 cm. aInventariado, 2020/YL 0aCuentos dominicanos9176 0aLiteratura dominicana.9671 aHernández Villeta, Manuelepról.928494 aValidado. Control de calidad MMOLINA 001054708DSaGRbGRcHDd2009-11-04iLF1l0oRD863.44 C957fp12051-30r2020-06-25te. 3w2020-06-25yLFDSZPréstamo en sala 001054708DSaGRbGRcHDd2013-04-11iLF1l0oRD863.44 C957fp12051-40r2020-06-25te. 4w2020-06-25yLFDSZPréstamo en sala 0010718PDaPDbPDcHDd2009-11-04iLF1l0oRD863.44 C957fp12051-10r2020-06-25w2020-06-25yLFPDZNo se presta 0010718PDaPDbPDcHDd2009-11-04iLF1l0oRD863.44 C957fp12051-20r2020-06-25te. 2w2020-06-25yLFPDZNo se presta c11719d11719